Prijatie Ruska do Parížskeho klubu je potvrdením jeho medzinárodného vplyvu

Význam prijatia Ruska do Parížskeho klubu - zvýšenie ratingu krajiny na medzinárodnej úrovni, potvrdenie jej vplyvu. Výška pohľadávok Ruska voči 51 krajinám - dlžníkom. Rusko očakáva väčšiu disciplínu dlžníkov. Forma splácania dlhov. Najväčší dlžníci Ruska.

Gespeichert in:
Bibliographische Detailangaben
1. Verfasser: Schlesingerová, K.
Format: Buchkapitel
Sprache:Slowakisch
Schlagworte:
Tags: Tag hinzufügen
Keine Tags, Fügen Sie das erste Tag hinzu!

MARC

LEADER 00000naa a2200000 4500
001 r027675
005 20230921080959.1
041 0 |a slo 
044 |a SK 
245 1 0 |a Prijatie Ruska do Parížskeho klubu je potvrdením jeho medzinárodného vplyvu  |c K. Schlesingerová 
520 |a Význam prijatia Ruska do Parížskeho klubu - zvýšenie ratingu krajiny na medzinárodnej úrovni, potvrdenie jej vplyvu. Výška pohľadávok Ruska voči 51 krajinám - dlžníkom. Rusko očakáva väčšiu disciplínu dlžníkov. Forma splácania dlhov. Najväčší dlžníci Ruska. 
610 2 0 |a politika medzinárodná 
610 2 0 |a politika zahraničná 
610 2 0 |a dlhy 
610 2 0 |a dlžníci 
610 2 0 |a veritelia 
610 2 0 |a pohľadávky 
610 2 0 |a Rusko 
610 2 0 |a Parížsky klub 
100 1 |a Schlesingerová, K.